000 00745nam a22002177a 4500
999 _c6000
_d6000
003 AR-CdUCM
008 190313b ||||| |||| 00| 0 spa d
040 _aMUNICIPALIDAD PROVINCIAL DEL CUSCO
_cBIBLIOTECA MUNICIPAL DEL CUSCO
082 _a869.62 /
_bV47
100 _aVera, Pedro Jorge
_9487
245 _aLos Animales Puros /
260 _aEcuador :
_bPublicaciones Educativas Ariel ;
300 _a170 páginas ;
_c18cm
440 _aColección Clásicos Ariel, Biblioteca de Autores Ecuatorianos
_n27
_917569
500 _aDonación de la familia Nieto
505 _aContenido: t.1 Novela -- t.2 Novela
650 _aNovela ecuatoriana
_917323
650 _aLiteratura latinoamericana
_96194
942 _2ddc
_cLIBROS
945 _anom